Labubu big into energy - name - Statistics

General Stats
  • This quiz has been taken 47 times
  • The average score is 5 of 7
Answer Stats
Answer % Correct
Love
91%
Hope
89%
Luck
80%
Happiness
77%
Serenity
71%
Loyalty
66%
ID
46%
No matching quizzes found
Score Distribution
Percent of People with Each Score
Percentile by Number Answered
Your Score History
You have not taken this quiz